000 00457nam a2200169Ia 4500
008 230711s9999||||xx |||||||||||||| ||und||
020 _a978-81-265-3615-3
041 _aENG
082 _a530.141
_bRA-E
100 _aRao, Gottapu Sasibhushana
245 0 _aElectromagnetic Field Theory and Transmission Lines
250 _a1st Ed.
260 _c2015
_aNew Delhi
_bWiley India Pvt.Ltd
300 _a410p.
650 _aElectrical Engineering
942 _cBK
999 _c6591
_d6591